| Tag |
First Indicator |
Second Indicator |
Subfields |
| LEADER |
00000nam a2200000 4500 |
| 001 |
in00004325213 |
| 005 |
20200812081307.0 |
| 006 |
m g d |
| 007 |
cr bn |||a|bb| |
| 008 |
951127s1669 enk o 00| | eng d |
| 035 |
|
|
|a (UnM)99832422
|
| 037 |
|
|
|a CL0037000085
|b ProQuest Information and Learning. 300 N. Zeeb Rd., Ann Arbor, MI 48106
|
| 040 |
|
|
|a Cu-RivES
|c Cu-RivES
|d WaOLN
|
| 100 |
0 |
|
|a Poor Robin.
|
| 240 |
1 |
0 |
|a Poor Robin's jests.
|n Part 2
|
| 245 |
1 |
0 |
|a Poor Robin's jests, or, The compleat jester :
|b Being a collection of several jests not heretofore published. Now newly composed and written in a new method. both in prose and verse. By Poor Robin knight of the burnt island, and well-wisher to the mathematicks. Together with the true and lively effigies of the said author. The second part. Licensed, November 9th.
|
| 246 |
2 |
|
|a Compleat jester
|
| 260 |
|
|
|a London :
|b printed by T. Leach, for Francis Kirkman; and are to be sold at his shop under St. Ethelboroughs Church in Bishops-gate-street,
|c 1669.
|
| 300 |
|
|
|a 1 online resource (54, 59-94 pages)
|
| 336 |
|
|
|a text
|b txt
|2 rdacontent
|
| 337 |
|
|
|a computer
|b c
|2 rdamedia
|
| 338 |
|
|
|a online resource
|b cr
|2 rdacarrier
|
| 500 |
|
|
|a William Winstanley is usually credited with authorship of the Poor Robin pamphlets (compare NUC pre-1956 imprints).
|
| 500 |
|
|
|a Imperfect; cropped and torn at head with some loss of print; lacking leaves E4-5 (pp. 55-58).
|
| 500 |
|
|
|a Reproduction of the original in the Bodleian Library.
|
| 510 |
4 |
|
|a Wing (2nd edition, 1994)
|c W3075D
|
| 533 |
|
|
|a Electronic reproduction.
|b Ann Arbor, Mich. :
|c UMI,
|d 1999-
|f (Early English books online)
|n Digital version of: (Early English books, 1641-1700 ; 2142:25)
|7 s1999 miun s
|
| 650 |
|
0 |
|a Wit and humor
|v Early works to 1800.
|
| 700 |
1 |
|
|a Winstanley, William,
|d 1628?-1698.
|
| 830 |
|
0 |
|a Early English books online.
|
| 856 |
4 |
0 |
|u http://proxy.library.tamu.edu/login?url=https://search.proquest.com/docview/2240953117
|z Connect to the full text of this electronic book
|t 0
|
| 999 |
f |
f |
|s 85c8ca55-1ed1-3518-b2af-e7bcf5b3f1c3
|i dec5b530-18b9-37ae-b59f-0a6ee6f03802
|t 0
|
| 952 |
f |
f |
|a Texas A&M University
|b College Station
|c Electronic Resources
|d Available Online
|t 0
|h No information provided
|
| 998 |
f |
f |
|t 0
|l Available Online
|